| 000 | 00436cam a2200157ua 4500 | ||
|---|---|---|---|
| 020 | _a9788189422431 | ||
| 082 |
_a635 _bPET/PO |
||
| 100 | _aPeter, K V. | ||
| 245 | 0 | 0 | _aPost harvest technology of horticultural crops / |
| 260 |
_aNew Delhi : _bNew India Publishing Agency , _c2007. |
||
| 300 |
_a291 ; _eCD. |
||
| 490 | 0 | _aHorticultural Science Series No. 7, | |
| 700 | 1 | _aIndira, V . | |
| 700 | 1 | _aSudheer, K.P . | |
| 942 | _cBK | ||
| 999 |
_c13255 _d13255 |
||